000 00981nam a2200241Ia 4500
999 _c55162
_d55162
001 22237
003 GE_BSU
005 20230123120654.0
008 181216s2016||||ge |||||||||||||| ||geo||
020 _aISSN: 1987-7633
040 _cGE_BSU
041 _ageo
080 _a811.353.1.373.46 ტ-48
245 _aტერმინოლოგიის საკითხები II /
_cრედაქტორი ლ. ქაროსანიძე.
264 _aთბილისი :
_bთბილ. უნ-ტის გამ-ბა,
_c2016.
300 _a196 გვ. ;
_c24 სმ.
500 _aეძღვნება როგნედა ღამბაშიძის ხსოვნას
541 _h7ლ. 50თ.
653 _aტერმინოლოგია
653 _aტერმინოლოგიის საკითხები II
700 _aქაროსანიძე, ლ.
_eრედაქტორი
_916742
942 _cBK
_2udc